[Event "Alta Padovana op-B 5th"]
[Site "Loreggia"]
[Date "2005.02.26"]
[Round "2"]
[White "De Minico, Nicola"]
[Black "Simioli, Stefano"]
[Result "1/2-1/2"]
[WhiteElo "1646"]
[BlackElo "1573"]
[PlyCount "84"]
[EventDate "2005.02.25"]
[EventType "swiss"]
[EventRounds "5"]
[EventCountry "ITA"]
[SourceTitle "EXT 2024"]
[Source "ChessBase"]
[SourceDate "2023.10.10"]
[SourceVersion "1"]
[SourceVersionDate "2023.10.10"]
[SourceQuality "1"]

1. e4 c5 2. c3 d5 3. exd5 Qxd5 4. d4 e6 5. Nf3 Nf6 6. Bb5+ Bd7 7. Bxd7+ Nbxd7 8. 0-0 Be7 9. Be3 cxd4 10. Nxd4 0-0 11. Qe2 Rfd8 12. Nd2 a6 13. N2f3 Rac8 14. Rad1 Qxa2 15. Rd2 Qc4 16. Rd3 Nc5 17. Rd2 Qxe2 18. Rxe2 Nce4 19. Rfe1 Rd5 20. h3 h6 21. Bf4 Nc5 22. Ne5 Nfd7 23. g4 Nxe5 24. Bxe5 Nd7 25. Bg3 Bf6 26. Nc2 Nb6 27. Ne3 Rd3 28. f4 Nc4 29. Bf2 Nxe3 30. Bxe3 Bh4 31. Rf1 Rcd8 32. Kg2 Rd1 33. Rf3 Be7 34. Bd4 Rd5 35. f5 Bc5 36. fxe6 fxe6 37. Bxc5 Rxc5 38. Rxe6 Rd2+ 39. Rf2 Rcd5 40. Rb6 Rxf2+ 41. Kxf2 Rd7 42. Kf3 Kf7 1/2-1/2